| 000 | 01111nam a22002417a 4500 | ||
|---|---|---|---|
| 005 | 20210325214516.0 | ||
| 008 | s2559 th tha d | ||
| 041 | _atha | ||
| 050 | _aRA 313 ก446 2559 | ||
| 245 | 1 | 0 | _aการใช้ประโยชน์งานวิจัย สวรส. [2nd] |
| 260 | 3 |
_aนนทบุรี : _bสถาบันวิจัยระบบสาธารณสุข, _c2559 |
|
| 300 |
_a119 หน้า : _b ภาพประกอบ, ตาราง ; _c 30 ซม. |
||
| 610 | _aสถาบันวิจัยระบบสาธารณสุข | ||
| 650 | 0 | 4 | _aการบริการสาธารณสุข |
| 650 | 0 | 4 | _aบุคลากรสาธารณสุข |
| 650 | 0 | 4 | _aบริการทางการแพทย์ |
| 650 | 0 | 4 | _aสาธารณสุข |
| 850 | _aNALT | ||
| 942 | _cGB | ||
| 997 | _aบ 28904 | ||
| 997 | _c000000000076815 | ||
| 998 | _aนางสาวอรุณทิพย์ จันทร์ดิษฐ์ | ||
| 999 |
_c76815 _d76815 |
||